000 01110nam a22001937a 4500
008 110823t xxu||||| |||| 00| 0 eng d
020 _a9780071112123 10 007111212x
050 _aHB171.5 .M47
100 _aMcConnell, Campbell R.
245 _aEconomics : principles, problems, and policies
250 _a16th ed.
260 _aBoston
_bMcGraw-Hill/Irwin
_cc2005.
300 _axxx, 733, G-G26, I1-24 p.
_bcol. ill.
_c27 cm
500 _aIncludes bibliographical references and index.
505 _aContents: Part 1. An Introduction to economics and the economy -- Part 2. Macroeconomics measurement and basic concepts -- Part 3. Macroeconomic models and fiscal policy -- Part 4. Money, banking, and monetary policy -- Part 5. Long-run perspectives and macroeconomic debates -- Part 6. Microeconomics of product markets -- Part 7. Microeconomics of resource markets -- Part 8. Microeconomics of government -- Part 9. Microeconomic issues and policies -- Part 10. International economics and the world economy
650 _aEconomics
700 _aBrue, Stanley L.
_qStanley L. Brue.
942 _2lcc
_cBK
999 _c34
_d7534